LEADER 02107nas 2200697- 450 001 9910137064003321 005 20231108213018.0 011 $a2045-6174 035 $a(DE-599)ZDB2479191-X 035 $a(OCoLC)489266261 035 $a(CKB)110978984082933 035 $a(CONSER)--2023243063 035 $a(EXLCZ)99110978984082933 100 $a20091216b19972011 --- - 101 0 $aeng 135 $aurun||||||||| 181 $ctxt$2rdacontent 182 $cc$2rdamedia 183 $acr$2rdacarrier 200 00$aSpeech & language therapy in practice 210 1$aDrumlithie :$cAvril Nicoll,$d1997-2011. 215 $a1 online resource 311 $a1368-2105 517 3 $aSpeech and language therapy in practice 517 1 $aSpeechmag.com 517 1 $aSpeechmag 531 $aSPEECH & LANGUAGE THERAPY IN PRACTICE 606 $aCommunication$vPeriodicals 606 $aSpeech therapy$vPeriodicals 606 $aLanguage disorders$xTreatment$vPeriodicals 606 $aSpeech disorders 606 $aSpeech Disorders 606 $aOrthophonie$vPériodiques 606 $aTroubles du langage$xTraitement$vPériodiques 606 $aTroubles de la parole 606 $aInformation$vPériodiques 606 $aSpeech disorders$2fast 606 $aCommunication$2fast 606 $aLanguage disorders$xTreatment$2fast 606 $aSpeech therapy$2fast 608 $aPeriodical 608 $aPeriodicals$2fast 608 $aPeriodicals.$2lcgft 615 0$aCommunication 615 0$aSpeech therapy 615 0$aLanguage disorders$xTreatment 615 0$aSpeech disorders. 615 2$aSpeech Disorders 615 6$aOrthophonie 615 6$aTroubles du langage$xTraitement 615 6$aTroubles de la parole. 615 6$aInformation 615 7$aSpeech disorders 615 7$aCommunication 615 7$aLanguage disorders$xTreatment 615 7$aSpeech therapy 676 $a616.85506 906 $aJOURNAL 912 $a9910137064003321 996 $aSpeech & language therapy in practice$92091549 997 $aUNINA LEADER 03530 am 2200805 n 450 001 9910330713903321 005 20190607 010 $a2-7535-6951-7 024 7 $a10.4000/books.pur.114435 035 $a(CKB)4100000008710847 035 $a(FrMaCLE)OB-pur-114435 035 $a(oapen)https://directory.doabooks.org/handle/20.500.12854/42816 035 $a(PPN)267962037 035 $a(EXLCZ)994100000008710847 100 $a20190710j|||||||| ||| 0 101 0 $afre 135 $auu||||||m|||| 181 $ctxt$2rdacontent 182 $cc$2rdamedia 183 $acr$2rdacarrier 200 13$aLe catholicisme en chantiers $eFrance, XIXe-XXe siècles /$fBruno Dumons, Christian Sorrel 210 $aRennes $cPresses universitaires de Rennes$d2019 215 $a1 online resource (288 p.) 311 $a2-7535-2801-2 330 $aDepuis près d'un demi-siècle, l'histoire religieuse a constitué l'un des domaines les plus féconds de la recherche universitaire dédiée à la période contemporaine en France. Le renouvellement de ses questionnements a été régulier et ses acquis sont considérables. Elle doit relever aujourd'hui de nouveaux défis liés tout à la fois aux mutations du religieux dans les sociétés contemporaines et aux déplacements de la recherche au sein de l'institution universitaire. C'est dans cette double perspective que quatorze chercheurs de diverses générations s'interrogent dans cet ouvrage sur les axes de renouvellement nécessaires de l'histoire du catholicisme français contemporain autour de quatre pôles : politique et culture, société et changement social, institutions et pratiques, circulations et connexions. Ils ont en commun le souci de défendre la spécificité de leur objet d'étude et de la démarche qui lui est appliquée mais aussi la préoccupation du dialogue avec les autres champs de l'histoire contemporaine et les sciences humaines ou sociales. 517 $acatholicisme en chantiers 606 $aHistory 606 $areligion catholique 606 $areligion 606 $ahistoire de France 606 $aFrance 606 $aXIXe siècle 606 $aXXe siècle 606 $ahistoire des religions 610 $aXXe siècle 610 $ahistoire de France 610 $aFrance 610 $ahistoire des religions 610 $areligion catholique 610 $aXIXe siècle 610 $areligion 615 4$aHistory 615 4$areligion catholique 615 4$areligion 615 4$ahistoire de France 615 4$aFrance 615 4$aXIXe siècle 615 4$aXXe siècle 615 4$ahistoire des religions 700 $aAvon$b Dominique$01203705 701 $aBrejon de Lavergnée$b Matthieu$01299402 701 $aChantin$b Jean-Pierre$01304786 701 $aChatelan$b Olivier$01298465 701 $aCuchet$b Guillaume$01290117 701 $aDumons$b Bruno$01288723 701 $aDurand$b Jean-Dominique$0458969 701 $aGugelot$b Frédéric$01284435 701 $aLe Moigne$b Frédéric$01303747 701 $aMichel$b Florian$01283299 701 $aMoisset$b Jean-Pierre$0604920 701 $aPetit$b Vincent$0960590 701 $aPrudhomme$b Claude$0244441 701 $aSorrel$b Christian$01081829 701 $aDumons$b Bruno$01288723 701 $aSorrel$b Christian$01081829 801 0$bFR-FrMaCLE 906 $aBOOK 912 $a9910330713903321 996 $aLe catholicisme en chantiers$93027905 997 $aUNINA